[Event "POHÁR města Říčany 2023"]
[Site "Městské kulturní středisko U labutě"]
[Date "2023.08.31"]
[Round "7.33"]
[White "Stufka, Martin"]
[Black "Havelka, Petr"]
[Result "1/2-1/2"]
[WhiteElo "1258"]
[BlackElo "1782"]
[WhiteFideId "23748800"]
[BlackFideId "323560"]
[PlyCount "0"]
[EventDate "2023.08.26"]

1. d4 d5 2. c4 e6 3. Nc3 Nf6 4. Bg5 Be7 5. Nf3 Nbd7 6. e3 O-O 7. Rc1 c6 8. a3
dxc4 9. Bxc4 Nb6 10. Bd3 h6 11. h4 Nbd5 12. e4 Nxc3 13. bxc3 Qa5 14. e5 Nd5
15. Bxe7 Nxe7 16. Ng5 f5 17. exf6 Rxf6 18. Qh5 Bd7 19. Bh7+ Kf8 20. Bd3 Kg8
21. g3 Qxa3 22. Kd1 Rxf2 23. Ne4 Rf5 24. Qe2 Raf8 25. Nc5 Rxc5 26. dxc5 Qxc5
27. Qe4 Nf5 28. g4 Ng3 29. Qh7+ Kf7 30. Re1 Qf2 31. Qg6+ Kg8 32. Qh7+ Kf7
33. Qg6+ Kg8 1/2-1/2

[Event "POHÁR města Říčany 2023"]
[Site "Městské kulturní středisko U labutě"]
[Date "2023.08.31"]
[Round "7.34"]
[White "Steiner, Juraj"]
[Black "Tichy, Tomas"]
[Result "1-0"]
[WhiteElo "1772"]
[BlackElo "1634"]
[WhiteFideId "367516"]
[BlackFideId "23715430"]
[PlyCount "0"]
[EventDate "2023.08.26"]

1. d4 Nf6 2. c4 e6 3. Nc3 Bb4 4. a3 Bxc3+ 5. bxc3 O-O 6. Bg5 h6 7. Bh4 c5 8. e3
d5 9. cxd5 exd5 10. Bd3 c4 11. Bb1 Qa5 12. Bxf6 Qxc3+ 13. Kf1 gxf6 14. Ne2 Qb2
15. h4 Nc6 16. g4 Bxg4 17. Rg1 Kh8 18. Rxg4 Rg8 19. Rxg8+ Rxg8 20. Qc2 Qxc2
21. Bxc2 Rg4 22. h5 b5 23. Nc3 Rg5 24. Bd1 a6 25. Bf3 Ne7 26. Rb1 Rf5 27. Ke2
Rg5 28. a4 bxa4 29. Nxa4 Kg7 30. Nc3 Kg8 31. Ra1 Kg7 32. Rxa6 Rg1 33. Nxd5 Nxd5
34. Bxd5 1-0

[Event "POHÁR města Říčany 2023"]
[Site "Městské kulturní středisko U labutě"]
[Date "2023.08.31"]
[Round "7.35"]
[White "Svetly, Jiri"]
[Black "Slivova, Linda"]
[Result "1-0"]
[WhiteElo "1850"]
[BlackElo "1586"]
[WhiteFideId "316032"]
[BlackFideId "23709294"]
[PlyCount "0"]
[EventDate "2023.08.26"]

1. d4 d5 2. c4 c6 3. Nc3 Nf6 4. Bg5 e6 5. e3 Nbd7 6. cxd5 exd5 7. Bd3 Bd6
8. Nge2 O-O 9. Qc2 Qc7 10. h3 Re8 11. O-O h6 12. Bf4 Bxf4 13. Nxf4 Qd6 14. Rad1
Nf8 15. Rfe1 Ne6 16. Nxe6 Bxe6 17. a3 Nd7 18. f4 Nb6 19. Qf2 Re7 20. f5 Bd7
21. e4 dxe4 22. Nxe4 Qc7 23. Nf6+ Kf8 24. Nh7+ Ke8 25. Rxe7+ Kxe7 26. f6+ gxf6
27. Qxf6+ Ke8 28. Qxh6 Kd8 29. Qf8+ Be8 30. Re1 Qd7 31. Kh1 Nd5 32. Bf5 Qxf5
33. Rxe8+ 1-0

[Event "POHÁR města Říčany 2023"]
[Site "Městské kulturní středisko U labutě"]
[Date "2023.08.31"]
[Round "7.36"]
[White "Simak, Ivo"]
[Black "Jirousek, Tadeas"]
[Result "1/2-1/2"]
[WhiteElo "1575"]
[BlackElo "1791"]
[WhiteFideId "390879"]
[BlackFideId "382353"]
[PlyCount "0"]
[EventDate "2023.08.26"]

1. c4 g6 2. e3 Bg7 3. Nc3 c5 4. Nf3 Nf6 5. h3 Nc6 6. d4 d5 7. dxc5 Qa5 8. cxd5
Nxd5 9. Qxd5 Bxc3+ 10. Bd2 Bxd2+ 11. Nxd2 Be6 12. Qd3 Qxc5 13. Qb5 Qxb5 14. Bxb5
O-O 15. Bxc6 bxc6 16. O-O Rfd8 17. Nf3 c5 18. Rfc1 Rab8 19. b3 Rbc8 20. Rc3 c4
21. Nd4 cxb3 22. Rxc8 Rxc8 23. axb3 Bd5 24. Rxa7 e5 25. Nf3 Bxf3 26. gxf3 Rb8
27. Ra3 Rb4 28. Kg2 Kg7 29. e4 g5 30. Kg3 Kh6 31. h4 Kh5 32. hxg5 Kxg5 33. Ra7
Kg6 34. Ra3 Kg5 35. Kg2 h5 36. Ra7 f6 37. Rg7+ Kh6 38. Rg8 Kh7 39. Rg3 Rxb3
40. Kh3 Kh6 41. Kh4 Rb2 42. Rg2 Ra2 43. Kg3 Kg5 44. Rh2 Ra1 45. Kg2 h4 46. Rh3
Rb1 47. Rh2 Rb3 48. Rh3 Rb8 49. Kf1 Kf4 50. Ke2 Rb2+ 51. Kf1 Ra2 52. Kg2 Kg5
1/2-1/2

[Event "POHÁR města Říčany 2023"]
[Site "Městské kulturní středisko U labutě"]
[Date "2023.08.31"]
[Round "7.37"]
[White "Glasberger, Roman"]
[Black "Sedmihradsky, Tomas"]
[Result "1/2-1/2"]
[WhiteElo "1555"]
[BlackElo "1768"]
[WhiteFideId "398799"]
[BlackFideId "23709936"]
[PlyCount "0"]
[EventDate "2023.08.26"]

1. e4 e5 2. Nf3 Nf6 3. Nc3 Nc6 4. Bb5 Bc5 5. d3 d6 6. Bg5 h6 7. Bh4 g5 8. Bg3
Bd7 9. h3 Ne7 10. Bc4 Be6 11. Bxe6 fxe6 12. Qe2 Ng6 13. O-O-O Qe7 14. Na4 Bb6
15. Nxb6 axb6 16. a3 c5 17. h4 Nf4 18. Bxf4 gxf4 19. g3 fxg3 20. fxg3 O-O-O
21. Nh2 h5 22. g4 hxg4 23. Nxg4 Nxg4 24. Qxg4 Rdg8 25. Qh3 Rh5 26. Rh2 Rgh8
27. Rdh1 Qf6 1/2-1/2

[Event "POHÁR města Říčany 2023"]
[Site "Městské kulturní středisko U labutě"]
[Date "2023.08.31"]
[Round "7.38"]
[White "Stork, Rostislav"]
[Black "Kubicek, Daniel"]
[Result "1/2-1/2"]
[WhiteElo "1723"]
[BlackElo "1561"]
[WhiteFideId "354988"]
[BlackFideId "23718838"]
[PlyCount "0"]
[EventDate "2023.08.26"]

1. e4 e5 2. Nf3 Nc6 3. Nc3 Nf6 4. Bb5 Bc5 5. Nxe5 Nxe5 6. d4 Bb4 7. dxe5 Nxe4
8. Qd4 Nxc3 9. Qxb4 Nxb5 10. Qxb5 O-O 11. O-O 1/2-1/2

[Event "POHÁR města Říčany 2023"]
[Site "Městské kulturní středisko U labutě"]
[Date "2023.08.31"]
[Round "7.39"]
[White "Cermak, Filip"]
[Black "Koper, Stefan"]
[Result "1/2-1/2"]
[WhiteElo "1403"]
[BlackElo "1720"]
[WhiteFideId "23739096"]
[BlackFideId "306606"]
[PlyCount "0"]
[EventDate "2023.08.26"]

1. d4 Nf6 2. Nf3 g6 3. g3 d5 4. Bg2 Bg7 5. O-O O-O 6. c4 c6 7. Nc3 a6 8. a4 a5
9. Ne5 e6 10. b3 Nbd7 11. Nxd7 Nxd7 12. Be3 b6 13. Qd2 Bb7 14. Bh6 Ba6 15. Bxg7
Kxg7 16. Qd3 f5 17. e3 Rc8 18. Rfc1 Qe7 19. Ne2 g5 20. f3 Nf6 21. Kf2 h5 22. h3
Rh8 23. Rh1 h4 24. Rag1 Qb4 25. Rc1 Rcf8 26. Qc2 Qd6 27. gxh4 Rxh4 28. cxd5 Bxe2
29. Kxe2 Qg3 30. Rcg1 Nxd5 31. Bf1 Qd6 32. Rxg5+ Kf6 33. Rhg1 Rh6 34. e4 Qh2+
35. R1g2 Nf4+ 36. Ke3 Nxg2+ 37. Rxg2 Qc7 38. e5+ Kf7 39. Bc4 Ke8 40. Bb5 Kd8
41. Bxc6 f4+ 42. Kd3 Rxh3 43. Qc4 Qh7+ 44. Kc3 Rh2 45. Rc2 Qh4 46. Qxe6 Qe1+
47. Kc4 Qb4+ 48. Kd5 Rh7 49. Qd6+ Qxd6+ 50. Kxd6 Rc7 51. e6 Rh8 52. d5 Rg8
53. Rc4 Rf8 54. Re4 Re7 1/2-1/2

[Event "POHÁR města Říčany 2023"]
[Site "Městské kulturní středisko U labutě"]
[Date "2023.08.31"]
[Round "7.40"]
[White "Moravec, Marek"]
[Black "Ocelak, David"]
[Result "0-1"]
[WhiteElo "1449"]
[BlackElo "1640"]
[WhiteFideId "23764155"]
[BlackFideId "23728795"]
[PlyCount "0"]
[EventDate "2023.08.26"]

1. e4 e5 2. Nf3 Nc6 3. Bc4 Nf6 4. Ng5 Bc5 5. Bxf7+ Kf8 6. Bb3 Ke8 7. O-O Rf8
8. d3 d6 9. Ne6 Bxe6 10. Bxe6 Nd4 11. Bh3 Qe7 12. Nc3 c6 13. Ne2 Ne6 14. Ng3 g6
15. c3 h5 16. Ne2 Ng4 17. d4 Bb6 18. f3 Nf6 19. Kh1 Nh7 20. d5 Neg5 21. Qe1 Qf7
22. Bd2 cxd5 23. exd5 Nxh3 24. gxh3 Qxd5 25. Nf4 Qf7 26. Qe4 g5 27. Nd5 Bd8
28. Rad1 Nf6 29. Nxf6+ Bxf6 30. Be3 Qe7 31. Qd5 Rd8 32. a3 b6 33. Rd3 Qd7
34. Rfd1 Qxh3 35. Qc6+ Qd7 36. Qxd7+ Rxd7 37. Rxd6 Rxd6 38. Rxd6 Ke7 39. Rd1 Rd8
40. Rg1 Rg8 41. h4 g4 42. fxg4 hxg4 43. Bf2 Ke6 44. Rg2 Kf5 45. Bg3 Rh8 46. Rh2
e4 47. Kg2 e3 48. Kf1 Ke4 49. Ke2 Rd8 50. Be1 Kf4 51. h5 g3 52. Rg2 Bh4 53. Rg1
Rh8 54. Rf1+ Kg4 55. Kxe3 Re8+ 56. Kd2 g2 57. Rg1 Bxe1+ 58. Kd1 Kf4 59. h6 Bf2
0-1

[Event "POHÁR města Říčany 2023"]
[Site "Městské kulturní středisko U labutě"]
[Date "2023.08.31"]
[Round "7.41"]
[White "Gacho, Ondrej"]
[Black "Studzinski, David"]
[Result "1/2-1/2"]
[WhiteElo "1659"]
[BlackElo "1262"]
[WhiteFideId "23718102"]
[BlackFideId "376027"]
[PlyCount "0"]
[EventDate "2023.08.26"]

1. b3 e5 2. Bb2 Nc6 3. e3 d6 4. Nf3 Nf6 5. Be2 g6 6. O-O Bg7 7. d4 exd4 8. exd4
O-O 9. d5 Nb4 10. c4 Bf5 11. Nbd2 Bc2 12. Qc1 Nd3 13. Qxc2 Nxb2 14. Qxb2 Nh5
15. Qc2 Bxa1 16. Rxa1 Qf6 17. Re1 Rfe8 18. Ne4 Qg7 19. Bd3 Re7 20. g3 Rae8
21. Kf1 Nf6 22. Neg5 h6 23. Nh3 Rxe1+ 24. Nxe1 Ng4 25. Nf3 Qf6 26. Nhg1 b6
27. h3 Ne5 28. Nxe5 Qxe5 29. Nf3 Qf6 30. Qd2 Qxf3 31. Kg1 Kg7 32. Qc2 Qf6
33. Qd2 Qa1+ 34. Kg2 Re1 35. h4 Rg1+ 36. Kf3 Qf6+ 37. Ke2 Rg2 38. Ke1 Rg1+
39. Ke2 Qe5+ 40. Kf3 Qe1 41. Qb2+ Kg8 42. Be2 Qa1 43. Qd2 Qf6+ 44. Ke3 Rb1
45. Qd3 Qe5+ 46. Kf3 Qf5+ 47. Qxf5 gxf5 48. Bd3 Rb2 49. Bxf5 Rxa2 50. Bd7 Rb2
51. Ba4 a6 52. Ke3 b5 53. cxb5 axb5 54. Bxb5 Rxb3+ 55. Bd3 Rb4 56. Be4 Kg7
57. Kf4 f6 58. Kf5 Rd4 59. Bf3 Rd2 60. Ke6 Rxf2 61. Bg4 Rd2 62. Bf5 Re2+ 63. Kd7
Re5 64. Be6 1/2-1/2

[Event "POHÁR města Říčany 2023"]
[Site "Městské kulturní středisko U labutě"]
[Date "2023.08.31"]
[Round "7.42"]
[White "Sadil, Pavel"]
[Black "Dudkova, Josefina"]
[Result "0-1"]
[WhiteElo "1615"]
[BlackElo "1587"]
[WhiteFideId "23710373"]
[BlackFideId "23712350"]
[PlyCount "0"]
[EventDate "2023.08.26"]

1. d4 Nf6 2. Nf3 g6 3. e3 Bg7 4. c3 O-O 5. Bd3 d5 6. O-O c5 7. Nbd2 Qc7 8. dxc5
Bf5 9. Qc2 Bxd3 10. Qxd3 Nbd7 11. b4 a5 12. Bb2 Rfd8 13. Qc2 b6 14. cxb6 Nxb6
15. a3 Nc4 16. Nxc4 Qxc4 17. Nd2 Qc6 18. Rfc1 Rac8 19. Qb3 Ng4 20. Nf3 Qc4
21. Qxc4 Rxc4 22. a4 axb4 23. a5 bxc3 24. Ba3 e6 25. Rc2 Ra4 26. Raa2 Rb8 27. h3
Rb1+ 0-1

[Event "POHÁR města Říčany 2023"]
[Site "Městské kulturní středisko U labutě"]
[Date "2023.08.31"]
[Round "7.44"]
[White "Cizek, Jan"]
[Black "Dejmek, Tomas"]
[Result "1/2-1/2"]
[WhiteElo "1515"]
[BlackElo "1626"]
[WhiteFideId "23745703"]
[BlackFideId "23719222"]
[PlyCount "0"]
[EventDate "2023.08.26"]

1. e4 e5 2. Nf3 Nc6 3. Bc4 Bc5 4. c3 Nf6 5. d3 d6 6. O-O Bg4 7. Re1 O-O 8. Be3
Bb6 9. Nbd2 d5 10. exd5 Nxd5 11. Bxb6 axb6 12. h3 Bxf3 13. Qxf3 Nf4 14. d4 Ng6
15. d5 Nce7 16. Rad1 Qd7 17. Ne4 Nf5 18. Qg4 Rfd8 19. Ng5 Nd6 20. Qxd7 Rxd7
21. Bd3 Rxa2 22. Rd2 Nf8 23. Rb1 Ra8 24. f3 f6 25. Ne4 Nxe4 26. Bxe4 c6 27. Rbd1
c5 28. c4 Rdd8 29. Rd3 Kf7 30. Rb3 Ra6 31. Rb5 g6 32. g4 Nd7 33. h4 Rda8 34. d6
Ra1 35. Rxa1 Rxa1+ 36. Kg2 Ke6 37. h5 f5 38. hxg6 hxg6 39. gxf5+ gxf5 40. Bxb7
Kxd6 41. Bc8 Rc1 42. b3 Rc3 43. Bxd7 Kxd7 44. Rxb6 e4 45. fxe4 fxe4 46. Kf2 Kc7
47. Re6 Rxb3 48. Rxe4 Kb6 49. Ke2 Ka5 50. Re3 Rxe3+ 51. Kxe3 Kb4 52. Kd2 Kxc4
53. Kc2 Kd4 54. Kd2 c4 55. Kc2 c3 56. Kc1 Kd3 1/2-1/2

[Event "POHÁR města Říčany 2023"]
[Site "Městské kulturní středisko U labutě"]
[Date "2023.08.31"]
[Round "7.45"]
[White "Pechanek, Krystof Jan"]
[Black "Bara, Jan"]
[Result "1/2-1/2"]
[WhiteElo "1493"]
[BlackElo "1581"]
[WhiteFideId "23719869"]
[BlackFideId "23716150"]
[PlyCount "0"]
[EventDate "2023.08.26"]

1. d4 Nf6 2. Bf4 d5 3. e3 c5 4. c3 Nc6 5. Nf3 Bf5 6. Bd3 Bxd3 7. Qxd3 e6
8. Nbd2 Bd6 9. Bg3 O-O 10. O-O Bxg3 11. hxg3 c4 12. Qc2 b5 13. a3 a5 14. b3 Qc7
15. a4 cxb3 16. Qxb3 b4 17. cxb4 Nxb4 18. Rfc1 Qd6 19. Ne5 Rfc8 20. Rc3 Rc7
21. Rac1 Rac8 22. Qb2 Nd7 23. Nxd7 Qxd7 24. Nb3 Rxc3 25. Rxc3 Rxc3 26. Qxc3 Qc6
27. Qc5 Qxc5 28. Nxc5 Kf8 29. Kf1 Ke7 30. Ke2 Kf6 31. Kf3 h5 32. Nd7+ Kf5
33. Ke2 g5 34. f3 Kg6 1/2-1/2

[Event "POHÁR města Říčany 2023"]
[Site "Městské kulturní středisko U labutě"]
[Date "2023.08.31"]
[Round "7.46"]
[White "Borecky, Andrej"]
[Black "Sboev, Kirill"]
[Result "0-1"]
[WhiteElo "1394"]
[BlackElo "1542"]
[WhiteFideId "23752670"]
[BlackFideId "23732245"]
[PlyCount "0"]
[EventDate "2023.08.26"]

1. d4 d5 2. c4 e6 3. Nc3 Nf6 4. Bg5 Be7 5. e3 O-O 6. Nf3 h6 7. Bh4 b6 8. Be2
Bb7 9. O-O Nbd7 10. Rc1 c5 11. h3 Rc8 12. cxd5 Nxd5 13. Bxe7 Nxe7 14. Nb5 Ba6
15. Nxa7 Bxe2 16. Qxe2 Ra8 17. Nb5 Rxa2 18. dxc5 Nxc5 19. Rfd1 Qb8 20. Ra1 Rxa1
21. Rxa1 Rd8 22. b4 Nd3 23. Rb1 Nc6 24. Nfd4 Ndxb4 25. Qc4 Nxd4 26. Nxd4 Nd5
27. Rc1 Qd6 28. e4 Nf4 29. Nb5 Qd2 30. Rc2 Qe1+ 31. Kh2 Rd3 32. Qc7 Ne2 33. Rxe2
Qxe2 34. Qxb6 Qxe4 35. Qb8+ Kh7 36. Qc7 Qf4+ 0-1